00869nam a2200265Ia 450000500170000000800390001702000240005602000270008004000560010704100080016306000090017124500740018025000100025426000380026430000690030250400530037165000180042465000170044265000140045965000160047370000240048970000210051370000150053476500540054920180312122218.0130821s2013 sp ado fr 1 spa a8481745235 (2a.Ed.) a9788490227862 (5a.Ed.) aCo-BoUCMbspacJose A. Gerena (modificó)d[Nuevo]00aspa aQU 400aBioquímica clínicacAllan Gaw...[y otros]btexto y atlas en color a5a ed aMadrid (España)bElsevierc2013 a163 páginasbilustraciones, cuadros, gráficas, fotografías aIncluye referencias bibliográficas e índices07aAminoácidos07aBioquímica07aCélulas07aProteínas aStewart, Michael J.1 aCowon, Robert A.1 aGaw, Allan1 aClinical biochemistry. an illustrated colour text